Gaming Quiz

Random Gaming or Console Quiz

SNES 2017 Games Quiz Stats

 Plays Quiz not verified by Sporcle

Score 0/20 Timer 02:30
3 Plays Today
% Correct
Super Mario Kart
81.7%
Super Punch-Out!!
81%
Donkey Kong Country
79.6%
Kirby Super Star
77.7%
Street Fighter II
77.4%
Super Mario World
75.7%
Star Fox
73.5%
Mega Man X
73.2%
Yoshi’s Island
72.8%
Super Metroid
70.3%
% Correct
The Legend of Zelda
69.8%
Contra III
69.1%
Super Mario RPG
68.5%
Super Ghouls ’n Ghosts
68.5%
F-ZERO
66.3%
Super Castlevania IV
65.5%
Final Fantasy III
65.2%
EarthBound
60.9%
Secret of Mana
58.4%
Kirby’s Dream Course
56.4%

You're not logged in!

Compare scores with friends on all Sporcle quizzes.
OR
Log In

Show Comments

Extras

Top Quizzes Today


Score Distribution

Your Account Isn't Verified!

In order to create a playlist on Sporcle, you need to verify the email address you used during registration. Go to your Sporcle Settings to finish the process.

Report this User

Report this user for behavior that violates our Community Guidelines.

Details: